Drying studies of garcinia cambodia (Record no. 15007)
[ view plain ]
| 000 -LEADER | |
|---|---|
| fixed length control field | 00594nam a22001817a 4500 |
| 003 - CONTROL NUMBER IDENTIFIER | |
| control field | OSt |
| 088 ## - REPORT NUMBER | |
| Report number | P 237 |
| 100 ## - MAIN ENTRY--AUTHOR NAME | |
| Personal name | PREENU N. P |
| -- | RAHUL KUMAR SINGH |
| 245 ## - TITLE STATEMENT | |
| Title | Drying studies of garcinia cambodia |
| 260 ## - PUBLICATION, DISTRIBUTION, ETC. (IMPRINT) | |
| Place of publication | Tavanur 2012 |
| Name of publisher | Department of Post Harvest Technology & Agricultural Processing |
| 300 ## - PHYSICAL DESCRIPTION | |
| Number of Pages | 43 |
| 500 ## - GENERAL NOTE | |
| General note | Drying studies of garcinia cambodia |
| 520 ## - SUMMARY, ETC. | |
| Summary, etc | Drying studies of garcinia cambodia |
| 700 ## - ADDED ENTRY--PERSONAL NAME | |
| Personal name | Dr. Sudheer K. P (Guide) |
| 856 ## - ELECTRONIC LOCATION AND ACCESS | |
| Uniform Resource Identifier | https://drive.google.com/open?id=1ttzrn6W2sM-I3tDovsc7N_fQ8zbb02xj |
| 942 ## - ADDED ENTRY ELEMENTS (KOHA) | |
| Koha item type | Project Report |
| Collection code | Home library | Current library | Shelving location | Full call number | Accession Number | Koha item type |
|---|---|---|---|---|---|---|
| Reference | KAUAET | KAUAET | Reference | 631.56 PRE/DR | P 237 | Project Report |
